Представление документа в формате RUSMARC

ПолеНазваниеЗначение
  Тип записи c
  Библиографический уровень m
001 Контрольный номер RU/УОНБ/EK_N/418489021
005 Дата корректировки 20250520122106.7
100 Данные общей обработки __
a Данные общей обработки 20130405d1999 u y0rusy0189||||ca
101 Язык документа 0_
a Язык текста rus
c Язык оригинала rus
f Язык титульного листа rus
102 Страна публикации __
a Страна публикации RU
105 Кодированные данные (монография) __
a Кодированные данные (монография) y###||||000|y
200 Заглавие и сведения об ответственности 1_
a Заглавие Хрестоматия по русскому народному творчеству
b Общее обозначение материала [Ноты]
f Первые сведения об ответственности Н. Н. Гилярова
210 Выходные данные 1_
a Место издания Москва
c Издательство Родникъ
d Дата издания 1999 -
215 Физическое описание __
d Формат 29 см
225 Серия 1_
a Серия Русская традиционная культура
e Сведения, относящиеся к заглавию серии альманах
e Сведения, относящиеся к заглавию серии тематические вып. по рус. фольклору
e Сведения, относящиеся к заглавию серии 2-3/99
686 Индексы других классификаций __
a Классификационный индекс 85
2 Код системы rubbk
700 Автор _1
a Фамилия Гилярова
b Имя (инициалы) Н. Н.
g Полное личное имя Наталья Николаевна
801 Источник записи _0
a Страна RU
b Организация Ульяновская ОНБ
c Дата составления 20130405
g Правила каталогизации RCR
801 Источник записи _1
a Страна RU
b Организация Ульяновская ОНБ
c Дата составления 20130405
g Правила каталогизации RCR
901 Тип документа __
t Тип документа v
909 Создатель записи __
a Создатель записи Зиновьева Г. А.
938 Служебная информация __
a Имя БД noti
b Имя библиотеки УОНБ
c Имя АИБС МАРК-SQL
d Номер DOC_ID в БД 11180